000 00288nam a22001337a 4500
008 170628b xxu||||| |||| 00| 0 eng d
020 _a9781457632679
041 _aeng
080 _22ND
_a82
100 _a21
101 _aGJL
245 _a40 MODEL ESSAYS
_cAARON,J.E
942 _2udc
_cBK
999 _c19311
_d19311